[Event "RUS-chT 11th"]
[Site "Sochi"]
[Date "2004.04.22"]
[Round "3.6"]
[White "Belov, Vladimir"]
[Black "Alavkin, Arseny Nailievich"]
[Result "1/2-1/2"]
[WhiteElo "2543"]
[BlackElo "2488"]
[Annotator "Finkel,A"]
[PlyCount "96"]
[EventDate "2004.04.20"]
[EventType "team-tourn"]
[EventRounds "9"]
[EventCountry "RUS"]
[SourceTitle "EXT 2020"]
[Source "ChessBase"]
[SourceDate "2019.10.17"]
[SourceVersion "1"]
[SourceVersionDate "2019.10.17"]
[SourceQuality "1"]
[WhiteTeam "Samara Termosteps"]
[BlackTeam "Togliatti Lada"]
[WhiteTeamCountry "RUS"]
[BlackTeamCountry "RUS"]

1. e4 e6 2. d4 d5 3. Nc3 Nf6 4. Bg5 Bb4 5. e5 h6 6. Be3 Ne4 7. Qg4 g5 $5 {
Very risky continuation permitting white to sieze an initiative right ot of
the opening while getting nothing much in return.} 8. a3 (8. h4 $5 h5 9. hxg5
hxg4 10. Rxh8+ Bf8 11. Nxe4 dxe4 12. Ne2 c5 13. O-O-O Qa5 14. Nc3 cxd4 15. Bxd4
Nc6 16. Nxe4 Nxd4 {1/2-1/2 Shirov,A-Volkov,S/Rethymnon 2003/CBM 98 no vc (16)})
8... h5 (8... Bxc3+ 9. bxc3 c5 10. Bd3 Qa5 11. Ne2 cxd4 12. Bxd4 Nc6 13. O-O
Bd7 14. Bxe4 dxe4 15. Ng3 $16 {Bezemer,A-Stellwagen,D/Amsterdam 2002}) 9. Qd1
$1 {It's better to put a queen on d1 in order to develop the knight to f3.} (9.
Qf3 Bxc3+ 10. bxc3 c5 11. Bd3 Nxc3 12. Qg3 (12. dxc5 Nd7 13. Qg3 Rg8 14. h4 g4
15. Nf3 Na4 16. O-O Naxc5 17. Ng5 $36 {Vogler,T-Hess,R/Germany 1995/GER-chT2})
12... g4 13. dxc5 d4 14. Bd2 Qd5 15. Ne2 Nxe2 16. Bxe2 Nd7 $132 {Govedarica,
R-Ruckschloss,K/Trnava 1990}) 9... Bxc3+ (9... Ba5 10. b4 $6 (10. Nge2 $1 $16 {
[%cal Gb2b4]}) 10... Nxc3 11. Qd3 c5 12. Qxc3 cxd4 13. Bxd4 Bc7 14. f4 gxf4 15.
Nf3 Bd7 16. Qd2 Nc6 $15 {Stojanovski,D-Roghani,A/Yerevan 2001}) 10. bxc3 Nxc3
11. Qd3 Na4 12. Nf3 g4 (12... c5 13. Bxg5 Qb6 14. Be2 Bd7 15. O-O a6 16. Rab1
Bb5 17. Qd2 $16 {Zawadzki,S-Kurmann,O/Balatonlelle 2002}) 13. Bg5 Qd7 14. Bf6
Rh6 15. Nh4 $6 {[%csl Rh4] More in the spirit of the position was} (15. Ng5 $1
Qc6 (15... Rxf6 $6 16. exf6 Qd8 17. Qh7 Qxf6 18. Qg8+ Ke7 19. Bb5 Bd7 20. Nh7
$18) 16. h3 gxh3 (16... Nd7 17. hxg4 Nxf6 18. exf6 h4 19. g3 Rxf6 20. gxh4 $16)
17. Nxh3 Nd7 18. Bg5 Rg6 19. Bd2 $36 {[%cal Gh3f4]}) 15... Rxf6 $5 {By playing
this move black shows his intentions to get active counterplay by any costs.}
16. exf6 Qd8 17. Qh7 (17. g3 Qxf6 18. Bg2 c5 19. c3 cxd4 20. cxd4 Nc6 $13)
17... Qxf6 18. Qg8+ Ke7 (18... Kd7 $2 19. Bb5+ c6 20. Bxa4 Qxd4 21. O-O Qxa4
22. Qxf7+ $18) 19. Qxc8 Na6 20. Qxa8 Qxd4 21. Rb1 (21. Rd1 Qc3+ 22. Rd2 Qa1+
23. Rd1 Qc3+ $11) 21... Qc3+ 22. Kd1 Qd4+ 23. Bd3 Nc3+ 24. Ke1 $6 {After a
move in the game white has to be very carefull to keep the balance, while
after correct} (24. Kd2 $1 Nc5 25. f3 gxf3 26. gxf3 Nxb1+ 27. Rxb1 Qxh4 28. Qh8
$18 {[%cal Gd2c3,Gc3b2] black's attack is over.}) 24... Nxb1 25. Qxb7 Qe5+ 26.
Kd1 Nc3+ 27. Kd2 Nc5 28. Qb4 d4 $44 {[%csl Rd2,Rh4]} 29. Ra1 a5 30. Qc4 Kf8 $1
(30... N3e4+ $5 31. Bxe4 $8 (31. Kc1 Nd6 32. Qa2 Qe1+ 33. Kb2 Qxf2 $19) 31...
Nxe4+ 32. Kc1 d3 33. cxd3 (33. Ra2 d2+ 34. Kd1 Qf4 $19) 33... Qxa1+ 34. Kc2 Nf6
35. Qxc7+ Kf8 36. Qc5+ Kg7 $15) 31. g3 N5e4+ 32. Kc1 Nxf2 33. Ng2 h4 34. Nf4 $2
(34. gxh4 $8) 34... Nfd1 $1 $17 {[%cal Ge5e3]} 35. Qxe6 $8 Qxf4+ 36. gxf4 fxe6
37. Kd2 g3 (37... Ne3 38. Rg1 c5 $17) 38. hxg3 hxg3 39. Bf1 Ne3 40. Kd3 c5 $6 (
40... g2 41. Bxg2 Nxg2 42. Kxd4 Ne2+ 43. Kc5 Ngxf4 $19) 41. Bh3 Ncd5 42. Ke4
Nc3+ 43. Ke5 Nxc2 44. Rg1 d3 (44... Ne2 45. Rb1 Ne3 46. Bxe6 Kg7 47. Rb7+ Kh6
48. Rb8 $11) 45. Rxg3 d2 46. Bg4 d1=Q 47. Bxd1 Nxd1 48. Rd3 Nb2 (48... Nb2 49.
Rc3 Ne1 50. Kxe6 c4 51. Kd5 $11) 1/2-1/2

[Event "EU-Cup 20th"]
[Site "Izmir"]
[Date "2004.10.06"]
[Round "4.6"]
[White "Fressinet, Laurent"]
[Black "Belozerov, Andrei"]
[Result "1-0"]
[WhiteElo "2640"]
[BlackElo "2548"]
[Annotator "Finkel,A"]
[PlyCount "108"]
[EventDate "2004.10.03"]
[EventType "team-swiss"]
[EventRounds "7"]
[EventCountry "TUR"]
[SourceTitle "CBM 104"]
[Source "ChessBase"]
[SourceDate "2005.01.27"]
[SourceVersion "1"]
[SourceVersionDate "2005.01.27"]
[SourceQuality "1"]
[WhiteTeam "Paris NAO"]
[BlackTeam "Tomsk 400"]
[WhiteTeamCountry "FRA"]
[BlackTeamCountry "RUS"]

1. e4 e6 2. d4 d5 3. Nc3 Nf6 4. Bg5 Bb4 5. e5 h6 6. Bd2 Bxc3 7. bxc3 Ne4 8. Qg4
Kf8 {After a dozens of years and thouzands of games the question whether black
should prefer this move over 8...g6 remains open!} (8... g6) 9. Bd3 Nxd2 10.
Kxd2 c5 ({An attempt to skip the middlegame by playing} 10... Qg5+ {was
assessed by the modern theory as insufficient.}) 11. h4 Nc6 12. Rh3 (12. Nf3
Qe7 13. Rh3 c4 14. Be2 Qa3 15. h5 b5 16. Nh4 Rg8 17. Rf3 a5 $132 {Pupo,
E-Vallejo Pons,F/Cienfuegos 1997}) 12... c4 13. Bf1 {This move looks more
logical than 13.Be2 since the knight needs e2 square for it's cmarch to f4 or
h5.} (13. Be2 b5 14. Rf3 (14. Rg3 Rg8 15. Qf4 a5 16. Bh5 Qe7 17. Rf3 Nd8 18.
Ne2 b4 $13 {Yurtaev,L-Shabalov,A/Riga 1988}) 14... a5 15. a3 Ne7 16. Qf4 Nf5
17. h5 Qg5 18. Qxg5 hxg5 19. Rh3 Bd7 20. g4 Nh6 21. f4 $16 {Polgar,J-Panno,O/
Buenos Aires 1992}) 13... b5 (13... Bd7 14. Ne2 b5 15. Nf4 Ne7 16. Rf3 Nf5 17.
g3 a5 18. Nh5 Rg8 19. Rf4 b4 20. Qf3 bxc3+ 21. Qxc3 Qb6 22. Bh3 $16 {Vlaovic,
D-Prystenski,A/Winnipeg 1994}) 14. Ne2 a5 15. a3 Bd7 (15... Rg8 $5 16. Nf4 Ra7
17. Rf3 Qd7 18. Rb1 Rb7 19. Be2 Ne7 20. Qh5 Ke8 21. Qg4 Nf5 22. Nh5 Kf8 $13 {
Aronian,L-Vallejo Pons,F/Menorca 1996}) 16. Nf4 Ne7 {This line (up to the move
in the game) was tried a couple of times by Kortscnoij during the Essen
tournument back in 2002, but without much success. A move in the game appears
to be a better try.} (16... b4 $6 17. Rf3 $1 bxc3+ 18. Kd1 $1 $16 {[%cal Gf4e6,
Gf4g6]} h5 (18... Nxd4 $2 19. Nh5 $1 {[%csl Rd4]} Nxf3 (19... Nf5 20. Rxf5 exf5
21. Qxg7+ Ke7 22. Qf6+ $18) 20. Qxg7+ Ke7 21. Qf6+ $1 $18) 19. Nxh5 Rg8 20. Ke1
$1 {Lutz,C-Kortschnoj,V/Essen 2002}) (16... Rg8 17. Rf3 Ke7 18. Nh5 b4 19. Qf4
bxc3+ 20. Ke1 Be8 21. Rxc3 $14 {Leko,P-Kortschnoj,V/Essen 2002}) 17. Nh5 Nf5
18. Qf4 b4 (18... Rg8 $2 19. Rb1 Qe7 20. Be2 Qxa3 21. g4 g5 22. hxg5 hxg5 23.
Qh2 $18 {Golubev,M-Hess,C/Chemnitz 1998}) 19. Be2 ({Letting black queen to
penitrate to a1 was hardly a good idea, so 19.Be2 was called for.} 19. axb4
axb4 20. Rxa8 bxc3+ 21. Rxc3 (21. Ke2 Qxa8 22. g4 Qa2 23. Rxc3 (23. gxf5 Qxc2+
24. Kf3 Qd1+ 25. Be2 c2 $1 $17) 23... Qa1 24. Qd2 Nxh4 $15) 21... Qxa8 22. g4
Nxh4 23. Nxg7 Ng6 24. Qf6 Qa7 $1 $13 25. Ke3 $140 Qa1 {[%csl Rc3,Rf1]}) 19...
bxc3+ (19... bxa3 $1 20. Rxa3 a4 (20... Kg8 21. Bg4 Nxh4 22. Bxe6 Bxe6 23. Rxh4
Qg5 $15) 21. Ng3 (21. Rf3 $2 Qxh4 22. g4 g5 $19 {[%csl Rf4]}) 21... Nxg3 22.
Rxg3 Qe7 23. Ra2 Kg8 $15) 20. Kxc3 Qb6 {Black acts a bit passive and finally
gets punished for it. I can understand his hesitation regarding 20...a4, since
the drawbacks of this move are pretty obvious, however chess is a very
concrete game and variations prove that 20...a4 would promise black reasonable
counterchances.} (20... a4 $5 21. Rb1 Qa5+ 22. Rb4 Rb8 23. g4 Ne7 24. Rf3 Be8
25. Nxg7 $140 $2 Rh7 26. Nxe8 (26. Nxe6+ Kg8 27. Nc5 Nc6 28. Kd2 Nxb4 29. axb4
Qxb4+ $19) 26... Kxe8 27. Kd2 Rxb4 28. axb4 Qxb4+ 29. Kd1 a3 $19) 21. Rhh1 Rg8
{'?!'} 22. g4 Ne7 (22... Nxh4 $2 23. Rxh4 g5 24. Nf6 Bc6 25. Qc1 gxh4 26. Rb1
Qc7 27. Qxh6+ Ke7 28. Qxh4 $18) 23. Rhb1 Qa7 24. Rb2 Rb8 25. Rab1 Rxb2 26. Kxb2
{'+/=' From now on it's just one way downhill for black. White succeeded to
consolidate his position, while black is left with the pieces which fail to
move and a weak king.} Ng6 (26... Ba4 $5) 27. Qd2 Nxh4 28. Ka1 Ng6 29. c3 Ne7 (
29... Ke7 30. g5 hxg5 31. Qxg5+ Ke8 32. Bd1 $36) 30. Bd1 Ke8 31. Bc2 Kd8 32. g5
g6 {'?!' Black chooses to die without putting too much of resistance, but at
this point the outcome of the game is actualy predecided:} (32... hxg5 33. Qxg5
g6 34. Nf4 Ke8 (34... Re8 35. Qf6 $16 {[%csl Rf7]}) 35. Rh1 a4 36. Qf6 Qa5 37.
Kb2 Qb6+ (37... Qd8 38. Rh7 Rf8 39. Rh8 Ng8 40. Qxf7+ $3 Kxf7 41. Rh7+ Ke8 42.
Bxg6+) 38. Kc1 Qa5 39. Kd2 $18 {[%cal Gh1h7]}) 33. gxh6 {'!'} gxh5 34. h7 {
'+-' Winning an exchange and a game.} Re8 35. Qh6 Kc7 36. h8=Q Rxh8 37. Qxh8
Nc6 38. Qf8 (38. Qxh5 Nxd4 39. cxd4 Qxd4+ 40. Ka2 Qxf2 41. Qh8 Qxc2+ 42. Rb2
$18) 38... Nd8 39. Qe7 Nc6 40. Qd6+ Kc8 41. Rg1 Qc7 42. Rg8+ Kb7 43. Qxc7+ Kxc7
44. Rh8 Nd8 45. Rxh5 Bc6 46. Kb2 Kd7 47. Kc1 Ke7 48. Kd2 Nb7 49. Rh8 Be8 50.
Ke3 a4 51. f4 Na5 52. Bd1 Nb3 53. Bf3 Na1 54. Kd2 Nb3+ 1-0

[Event "Sanjin Hotel Cup 2nd"]
[Site "Tiayuan"]
[Date "2005.07.11"]
[Round "3"]
[White "Zhang, Zhong"]
[Black "Wang, Hao"]
[Result "0-1"]
[WhiteElo "2608"]
[BlackElo "2512"]
[Annotator "Finkel,A"]
[PlyCount "98"]
[EventDate "2005.07.09"]
[EventType "tourn"]
[EventRounds "11"]
[EventCountry "CHN"]
[EventCategory "15"]
[SourceTitle "CBM 108"]
[Source "ChessBase"]
[SourceDate "2005.09.26"]
[SourceVersion "1"]
[SourceVersionDate "2005.09.26"]
[SourceQuality "1"]

1. e4 e6 2. d4 d5 3. Nc3 Nf6 4. Bg5 Bb4 5. e5 h6 6. Be3 Ne4 7. Qg4 g5 {Very
risky continuation permitting white to sieze an initiative right ot of the
opening while getting nothing much in return.} 8. a3 (8. h4 $5 h5 9. hxg5 hxg4
10. Rxh8+ Bf8 11. Nxe4 dxe4 12. Ne2 c5 13. O-O-O Qa5 14. Nc3 cxd4 15. Bxd4 Nc6
16. Nxe4 Nxd4 {1/2-1/2 Shirov,A-Volkov,S/Rethymnon 2003/CBM 98 no vc (16)})
8... h5 (8... Bxc3+ 9. bxc3 c5 10. Bd3 Qa5 11. Ne2 cxd4 12. Bxd4 Nc6 13. O-O
Bd7 14. Bxe4 dxe4 15. Ng3 $16 {Bezemer,A-Stellwagen,D/Amsterdam 2002}) 9. Qd1 {
It's better to put a queen on d1 in order to develop the knight to f3.} (9. Qf3
Bxc3+ 10. bxc3 c5 11. Bd3 Nxc3 12. Qg3 (12. dxc5 Nd7 13. Qg3 Rg8 14. h4 g4 15.
Nf3 Na4 16. O-O Naxc5 17. Ng5 $36 {Vogler,T-Hess,R/Germany 1995/GER-chT2})
12... g4 13. dxc5 d4 14. Bd2 Qd5 15. Ne2 Nxe2 16. Bxe2 Nd7 $132 {Govedarica,
R-Ruckschloss,K/Trnava 1990}) 9... Nxc3 $5 (9... Bxc3+ 10. bxc3 Nxc3 11. Qd3
Na4 12. Nf3 g4 (12... c5 13. Bxg5 Qb6 14. Be2 Bd7 15. O-O a6 16. Rab1 $16 {
Zawadzki,S-Kurmann,O/Balatonlelle 2002}) 13. Bg5 Qd7 14. Bf6 Rh6 15. Nh4 (15.
Ng5 $1 Qc6 (15... Rxf6 $6 16. exf6 Qd8 17. Qh7 Qxf6 18. Qg8+ Ke7 19. Bb5 Bd7
20. Nh7 $18) 16. h3 gxh3 (16... Nd7 17. hxg4 Nxf6 18. exf6 h4 19. g3 Rxf6 20.
gxh4 $16) 17. Nxh3 Nd7 18. Bg5 Rg6 19. Bd2 $36 {[%cal Gh3f4]}) 15... Rxf6 16.
exf6 Qd8 17. Qh7 Qxf6 18. Qg8+ Ke7 19. Qxc8 Na6 20. Qxa8 Qxd4 21. Rb1 $16 {
Belov,V-Alavkin,A/Russia/2004}) (9... Ba5 10. Nge2 $1 $16 {[%cal Gb2b4]}) 10.
Qd3 $5 ({Nothing promised} 10. Qd2 Ba5 11. bxc3 (11. Bxg5 $2 Qxg5 12. Qxg5 Ne4+
$19) 11... c5 12. Bxg5 Qc7 13. Be3 Nc6 14. Bb5 Bd7 15. Bxc6 Bxc6 16. Nf3 cxd4
17. Bxd4 Bb5 $44 {with sufficient counterplay.}) 10... Ba5 11. b4 (11. Bd2 c5
12. Bxc3 cxd4 (12... Nc6 13. dxc5 Nxe5 14. Qb5+ Nc6 15. b4 d4 16. Bb2 Bc7 17.
Rd1 $14) 13. Qxd4 Nc6 14. Bb5 Qb6 15. Qxb6 Bxb6 $11) 11... c5 $1 {Very strong
move promising black good counterchances.} 12. Qxc3 {After a move in the game
black is an only one who can fight for an opening advantage, but also after} (
12. dxc5 $5 Ne4 (12... Na4 $6 13. Qb5+ Nc6 14. Qxa4 Bc7 15. b5 Ba5+ 16. Kd1 Nb8
(16... Nxe5 17. Bd4 f6 18. Bxe5 fxe5 19. b6+ $18 {[%csl Ra5]}) 17. Nf3 g4 18.
Bg5 Qc7 19. b6+ Qd7 20. Qxa5 $16) 13. f3 Nxc5 14. Bxc5 Bc7 15. Qe3 Nc6 16. Bb5
Bd7 17. Bxc6 Bxc6 $13 {the position is very unclear.}) 12... cxd4 13. Bxd4 Bc7
14. f4 (14. Nh3 Nc6 15. Bb5 Bd7 16. Bxc6 Bxc6 17. O-O g4 18. Nf4 h4 $13) 14...
gxf4 15. Nf3 Bd7 16. Qd2 Nc6 17. Bb2 Rg8 (17... Qe7 18. Qxf4 O-O-O 19. O-O-O
Rhg8 20. g3 f5 21. Bd3 Kb8 $15 {Stojanovski,D-Roghani,A/Yerevan 2001}) 18.
O-O-O Qe7 19. Kb1 O-O-O 20. Qxf4 a6 21. h3 $6 {[%csl Rf4]} (21. g3 Rg4 22. Qd2
$13) 21... f5 $1 $15 22. Rd2 (22. exf6 Bxf4 23. fxe7 Nxe7) 22... Qg7 23. Bd3
Qg3 24. Qxg3 Rxg3 25. c4 (25. Re1 Rdg8 26. Bf1 b5 27. Rde2 Bb6 28. c3 f4 29.
Bc1 Rf8 30. Ra2 $15) 25... Ne7 26. Re1 Rdg8 27. cxd5 $6 (27. Ree2 Ng6 28. cxd5
Nf4 29. dxe6 Bxe6 30. Nd4 Rxd3 31. Rxd3 Bc4 32. Rde3 Nxe2 33. Nxe2 Rxg2 $36)
27... Nxd5 28. Bxf5 exf5 29. Rxd5 Bc6 30. Rc5 Rxg2 31. Nd4 Rg1 32. Rxg1 Rxg1+
33. Ka2 Bb6 34. Rc2 Rg2 $1 35. Rc4 (35. Rxg2 Bxg2 36. Nxf5 Bxh3 37. Nd6+ Kc7
$17) 35... Kd7 36. Nxc6 (36. e6+ Kd6 37. Nxc6 bxc6 38. e7 Kxe7 39. Rxc6 Bd4 $19
) 36... bxc6 37. Kb3 Rg3+ 38. Ka4 Be3 $1 (38... Rxh3 $2 39. e6+ Kd6 40. Bf6 $1
Re3 41. e7 $13) 39. e6+ $6 (39. Bc1 $1 Rxh3 40. Bxe3 Rxe3 41. Rh4 Rxe5 42. Rxh5
Kd6 43. Rh6+ $17) 39... Kxe6 40. Rxc6+ Kd5 $19 41. Rxa6 f4 42. Ra5+ Ke4 43.
Re5+ Kd3 44. Rxh5 f3 45. Rf5 Rxh3 46. b5 f2 47. Bc1 Rh4+ 48. Ka5 Rf4 $1 49.
Bxe3 Kxe3 0-1

[Event "Corus-B"]
[Site "Wijk aan Zee"]
[Date "2006.01.14"]
[Round "1"]
[White "Naiditsch, Arkadij"]
[Black "Stellwagen, Daniel"]
[Result "1-0"]
[WhiteElo "2657"]
[BlackElo "2573"]
[Annotator "Finkel,A"]
[PlyCount "79"]
[EventDate "2006.01.14"]
[EventType "tourn"]
[EventRounds "13"]
[EventCountry "NED"]
[EventCategory "15"]
[SourceTitle "CBM 111"]
[Source "ChessBase"]
[SourceDate "2006.04.04"]
[SourceVersion "1"]
[SourceVersionDate "2006.04.04"]
[SourceQuality "1"]

1. e4 e6 2. d4 d5 3. Nc3 Nf6 4. Bg5 Bb4 5. e5 h6 6. Be3 $5 {The most ambitious
way to meet the McCutcheon variation. White is ready to give up a pawn on c3
to keep the dark-squared bishop on the board.} Ne4 7. Qg4 g6 8. a3 Bxc3+ 9.
bxc3 Nxc3 10. Bd3 b6 $5 {A quite rare move. The main line is 10...Nc6.} (10...
Nc6) 11. h4 {White should immediately start active operations on the kingside.}
(11. Nh3 $6 Ba6 12. Bd2 Bxd3 13. cxd3 Na4 14. O-O c5 15. Qd1 Qd7 16. dxc5 Nxc5
17. d4 Nb7 18. Qf3 Nc6 $15 {Mulyar,M-Akobian,V/Seattle 2003}) 11... Ba6 12. h5
g5 13. f4 $5 {[%cal Gg4g7] An interesting continuation, but I'm not so sure
whether White should hurry to transpose into an endgame.} (13. Nh3 $5 Qe7 14.
O-O Ne4 15. Rfe1 f5 16. exf6 Nxf6 17. Bg6+ Kd7 18. Qd1 Nc6 19. f4 $36 {Crosa,
M-Coelho,L/Santos 2003}) 13... gxf4 14. Qg7 Kd7 15. Qxf7+ Qe7 16. Qxe7+ Kxe7
17. Bxf4 Bxd3 18. cxd3 Kd7 {Preparing 19...Nc6.} (18... Nd7 $143 $6 19. Nf3
Rag8 20. Rc1 Na4 (20... Nb5 21. a4) 21. Rxc7 Rxg2 22. Nh4 Ra2 23. O-O $1 $18)
19. Nf3 Nc6 20. Kd2 Nb5 21. Ke3 Raf8 {[%csl Rf4][%cal Gb5d4] Defending against
22.a4 since the bishop is hanging on f4.} (21... Rag8 $2 22. a4) 22. Rhf1 (22.
a4 $2 Nbxd4 23. Nxd4 Nxd4 $19) 22... Ne7 {A logical move, but Black could also
try} (22... a5 $5 23. a4 $140 Nb4 24. Rfc1 (24. Rac1 Rxf4 25. Kxf4 Nxd3+ 26.
Ke3 Nxc1 27. axb5 Na2 $13) 24... Rxf4 25. Kxf4 Nxd3+ 26. Ke3 Nxc1 27. axb5 Nb3
28. Ra3 a4 29. Rxa4 Rg8 $13) 23. g4 c5 24. a4 Nxd4 $6 {This move appears to be
an inaccuracy after which Black has to be very careful to keep the balance.} ({
Much better was} 24... cxd4+ $1 25. Kd2 (25. Nxd4 Nxd4 26. Kxd4 Rhg8 $17) 25...
Rxf4 26. axb5 a5 (26... Nc8 27. Nh2 $16) 27. bxa6 Rxg4 28. Rg1 Rxg1 29. Rxg1
Ra8 30. Rg7 Rxa6 31. Rh7 Ra2+ 32. Ke1 Rg2 33. Rxh6 Nf5 $132) 25. Nxd4 cxd4+ 26.
Kf3 ({Of course not} 26. Kxd4 $2 Rhg8 $17 {and White can't protect the pawn on
g4.}) 26... Rh7 $5 (26... Rhg8 27. Rf2 (27. Rg1 $2 Nc6 28. Kg3 Rf5 $1 $19)
27... Nc6 28. Kg3 Rf5 29. Kh4 Rf7 30. Raf1 Rgf8 31. Kg3 $16) 27. Kg3 Nc6 28.
Rfb1 {[%cal Ga4a5]} Rc8 ({Serious attention deserved} 28... Rxf4 $5 29. Kxf4
Rf7+ 30. Kg3 Nxe5 31. Rf1 Rg7 32. Rf4 Nxd3 33. Rxd4 Nc5 $14 {even though White
should be better due to the weakness of the pawn on h6.}) (28... Rhf7 $6 29.
Bxh6 Rf3+ 30. Kh4 R8f7 31. a5 $1 Nxa5 32. Bg7 $1 Rxg7 33. Rxa5 Ke8 34. Ra2 $16)
29. Ra2 Na5 (29... Rg8 $5) 30. Rf2 Rg8 31. Rc2 $1 {The beginning of a very
nice winning plan. White's idea is just to promote the pawns on the kingside
for that reason he'd like to trade the rooks.} Rc8 (31... Rhg7 32. Rbc1 Rxg4+
33. Kf3 $18) 32. Rxc8 Kxc8 33. Kh4 {[%cal Gf4h6,Gg4g5]} Nc6 34. Rc1 $1 Kd7 35.
Rxc6 $1 Kxc6 36. Bxh6 $1 $18 {The pawns are unstoppable!} Kd7 (36... Rxh6 37.
g5 Rh8 38. g6 Kd7 39. g7 Rg8 40. h6 Ke7 41. h7 $18) 37. Kg5 Ke8 38. Kg6 Rf7 39.
Bg7 Rf4 40. g5 1-0

[Event "Moscow Aeroflot op-A"]
[Site "Moscow"]
[Date "2006.02.08"]
[Round "1"]
[White "Petrosian, Tigran L"]
[Black "Volkov, Sergey"]
[Result "1-0"]
[WhiteElo "2558"]
[BlackElo "2629"]
[Annotator "Finkel,A"]
[PlyCount "147"]
[EventDate "2006.02.08"]
[EventType "swiss"]
[EventRounds "9"]
[EventCountry "RUS"]
[SourceTitle "CBM 112"]
[Source "ChessBase"]
[SourceDate "2006.06.07"]
[SourceVersion "1"]
[SourceVersionDate "2006.06.07"]
[SourceQuality "1"]

1. e4 e6 2. d4 d5 3. Nc3 Nf6 4. Bg5 Bb4 5. e5 h6 6. Bd2 Bxc3 7. bxc3 Ne4 8. Qg4
Kf8 9. Bd3 Nxd2 10. Kxd2 c5 11. Nf3 c4 (11... Nc6 12. Qf4 Qe7 13. a3 Bd7 14.
Rhb1 b6 15. Qe3 Na5 $1 $132 {Anand,V-Ivanchuk,V/Linares 1992/CBM 31}) 12. Be2
Nc6 13. a4 (13. h4 b5 14. a3 Bd7 15. h5 a5 16. Rhb1 Rb8 17. Qf4 Ke7 18. g4 Qf8
19. Qe3 $14 {Christiansen,L-Kortschnoj,V/Reykjavik 2000/CBM 75}) 13... Bd7 (
13... a6 14. Rhb1 Rb8 15. h4 b5 16. axb5 axb5 17. Qf4 Qe7 18. h5 (18. Qe3 Ke8
19. h5 Kd8 20. Ng1 b4 21. f4 Bd7 22. cxb4 Rxb4 23. Rxb4 Qxb4+ 24. Qc3 Qxc3+ 25.
Kxc3 Kc7 $11 {Khalifman,A-Short,N/Merida 2001}) 18... b4 19. cxb4 Rxb4 20. Qe3
Qb7 21. Qa3 Ke8 22. Rxb4 Qxb4+ 23. Qxb4 Nxb4 24. Nh4 $14 {Madl,I-Molnar,B/
Hungary 2003}) 14. h4 (14. Qf4 Qe7 15. g4 Ke8 16. g5 hxg5 17. Nxg5 Qf8 18. Bg4
Rh4 19. Qg3 Rh6 20. h4 $14 {Shomoev,A-Kortschnoj,V/Copenhagen 2005}) 14... Be8
(14... a6 15. Qf4 b5 16. g4 b4 17. cxb4 Nxb4 18. c3 Nc6 19. Rhb1 Rb8 20. Bd1
$14 {Short,N-Morozevich,A/Germany 1998/GER-chT}) 15. Rh3 $1 {White is the
first one to deviate from the game Asrian-Volkov, which has been played less
than a year ago.} (15. Qf4 $6 Ke7 $1 16. Rh3 Kd7 17. Rg3 Rg8 18. h5 Qa5 19. Nh2
Ne7 20. Kd1 $1 {[%cal Gf4c1,Gc1a3]} Rd8 21. Qc1 Kc8 22. Qa3 Qc7 $13 {Asrian,
K-Volkov,S/Warsaw 2005}) 15... Rg8 16. h5 Ke7 17. Nh4 Qa5 18. Kc1 {[%cal Gf2f5]
} Kd8 19. f4 Bd7 (19... Ne7 20. f5 exf5 21. Qf4 Bd7 22. g4) 20. f5 $5 {White
is trying to open up the position at all cost.} exf5 21. Qf4 Ne7 22. g4 fxg4
23. Bxg4 Bxg4 24. Qxg4 Qa6 25. Rf3 Qe6 (25... Ke8 26. Kd2 Qe6 27. Qxe6 fxe6 28.
Raf1 $14 {[%cal Gf3f7,Gh4g6]}) 26. Qxe6 fxe6 27. Kd2 Kd7 28. Rb1 Rab8 29. Rf7
Ke8 30. Rbf1 Nf5 $6 {After the move in the game White increases the pressure
after a nice exchange sacrifice. It was better to play} (30... Rd8) 31. R1xf5
exf5 32. e6 Rc8 33. Rxb7 $5 ({Another promising continuation was} 33. Nxf5 Rc6
34. Nxg7+ Rxg7 35. Rxg7 Rxe6 36. Rxb7 a6 37. a5 Rf6 38. Kc1 Kd8 39. Rh7 $18 {
[%cal Gc1a3,Ga3c5]}) 33... Rf8 34. Ng6 Rf6 35. Nf4 Rc6 36. Rxg7 Rfxe6 37. Nxe6
Rxe6 38. Rxa7 f4 39. Ra5 Rd6 (39... f3 40. Rxd5 Re2+ 41. Kd1 Rh2 42. Rf5 $18)
40. Ke2 Re6+ 41. Kf3 Re3+ 42. Kxf4 Rxc3 43. Ke5 Rxc2 44. Kxd5 Rc1 45. Rc5 Kd7 (
45... c3 46. Kc4 c2 47. Kb3 Rd1 48. Rxc2 Rxd4 49. a5 $18) 46. a5 c3 47. Kc4 c2
48. Kb3 Rd1 49. Rxc2 Rxd4 50. a6 Rf4 51. a7 Rf8 52. Ra2 Ra8 53. Ra6 Kc7 54.
Rxh6 Kb7 55. Rh7+ Kb6 56. Kb2 Rf8 57. Ka1 Rf1+ 58. Ka2 Rf2+ 59. Ka3 Rf3+ 60.
Ka4 Rf1 61. Kb4 Ra1 62. Kb3 Ra5 63. Kc3 Kc5 64. Kd3 Kd5 65. Ke3 Ke5 66. Kd3 Kd5
67. Ke3 Ke5 68. Kd2 Kd5 69. Ke1 Ra1+ 70. Kf2 Ke5 71. h6 Ra2+ 72. Ke1 Kf5 73.
Rf7+ Kg6 74. h7 1-0